000 00394 a2200109 4500
001 ART_49765
005 20260410161936.0
008 260409a
245 1 0 _aEl concepto de democracia económica en la política contemporánea
100 1 _aTagle, Manuel
773 0 _tAnales de la Academia Nacional de Ciencias Económicas
_g- Vol. XXVIII, (1983) (ene./dic. 1983)
_wREV25596
999 _c29073
_d29073